Mnara wawaka moto: (Record no. 11195)

000 -LEADER
fixed length control field 00546nam a22001817a 4500
005 - DATE AND TIME OF LATEST TRANSACTION
control field 20160620132156.0
008 - FIXED-LENGTH DATA ELEMENTS--GENERAL INFORMATION
fixed length control field 160620b xxu||||| |||| 00| 0 eng d
020 ## - INTERNATIONAL STANDARD BOOK NUMBER
International Standard Book Number 9789966846396
020 ## - INTERNATIONAL STANDARD BOOK NUMBER
International Standard Book Number 9966846395
041 ## - LANGUAGE CODE
Language code of text/sound track or separate title Swahili
050 ## - LIBRARY OF CONGRESS CALL NUMBER
Classification number AFR PL8704
Item number .M3Z3 1975
100 ## - MAIN ENTRY--PERSONAL NAME
Personal name Chimerah, Rocha M.
245 ## - TITLE STATEMENT
Title Mnara wawaka moto:
Remainder of title Uhalifu /
260 ## - PUBLICATION, DISTRIBUTION, ETC. (IMPRINT)
Place of publication, distribution, etc. Nairobi :
Name of publisher, distributor, etc. Nairobi University Press
Date of publication, distribution, etc. 1975
300 ## - PHYSICAL DESCRIPTION
Extent 113p.
650 ## - SUBJECT ADDED ENTRY--TOPICAL TERM
Topical term or geographic name as entry element Swahili language
General subdivision Fasihi
942 ## - ADDED ENTRY ELEMENTS (KOHA)
Source of classification or shelving scheme
Koha item type Africana (Books)
Classification part AFR PL8704 .M3Z3 1975
Holdings
Withdrawn status Lost status Source of classification or shelving scheme Damaged status Not for loan Home library Current library Shelving location Date acquired Source of acquisition Total Checkouts Full call number Barcode Date last seen Price effective from Koha item type
          MACHAKOS UNIVERSITY LIBRARY MACHAKOS UNIVERSITY LIBRARY Africana 20/06/2016 Donation   AFR PL8704 .M3Z3 1975 20712 20/06/2016 20/06/2016 Africana (Books)
© Machakos University Library, Along The Highway, Machakos Wote Rd, Machakos, Kenya P.O. Box 136 - 90100 Machakos - Kenya

Tel: ( +254 ) 723 805829 OR Fax : 044-20353 OR Email: library@mksu.ac.ke